Gastrointestinal nursing (Record no. 36607)
[ view plain ]
| 000 -LEADER | |
|---|---|
| fixed length control field | 01647nam a22003254a 4500 |
| 082 04 - DEWEY DECIMAL CLASSIFICATION NUMBER | |
| Classification number | 616.3/3/0231 |
| 100 1# - MAIN ENTRY--AUTHOR NAME | |
| Personal name | Smith, Graeme D. |
| 245 10 - TITLE STATEMENT | |
| Title | Gastrointestinal nursing |
| 260 ## - PUBLICATION, DISTRIBUTION, ETC. (IMPRINT) | |
| Place of publication | Oxford ; |
| -- | Malden, MA : |
| Name of publisher | Blackwell Science, |
| Year of publication | 2005. |
| 300 ## - PHYSICAL DESCRIPTION | |
| Number of Pages | vii, 207 p. : |
| Other physical details | ill. |
| 505 0# - FORMATTED CONTENTS NOTE | |
| Formatted contents note | An overview of the gastrointestinal tract -- The oesophagus -- The stomach -- The small intestine -- The large intestine -- The liver -- The biliary system -- The pancreas -- Diagnostic tests and procedures in gastroenterology -- Emergencies of the gastrointestinal tract -- Pharmacology in gastroenterology -- Psychosocial factors in gastroenterology -- Quality of life in gastroenterology. |
| 650 #0 - SUBJECT ADDED ENTRY--TOPICAL TERM | |
| Topical Term | Gastrointestinal system |
| 700 1# - ADDED ENTRY--PERSONAL NAME | |
| Personal name | Watson, Roger, |
| 856 40 - ELECTRONIC LOCATION AND ACCESS | |
| Uniform Resource Identifier | http://site.ebrary.com/lib/rucke/Doc?id=10243477 |
No items available.
